| 000 | 00663nam a2200205Ia 4500 | ||
|---|---|---|---|
| 003 | GCL | ||
| 005 | 20240530095628.0 | ||
| 008 | 140319s9999 xx 000 0 ara d | ||
| 020 | _a6515378977 | ||
| 040 |
_aGCL / _cGCL |
||
| 082 | 0 | 4 |
_a962 _bق/ف ع |
| 100 | 1 | _aفوزى فراج | |
| 245 | 1 | 0 |
_aعطر الماضى / _cفوزى فراج |
| 260 |
_aالقاهرة : _bدار الفكر الاسلامى ، _c2005 |
||
| 300 |
_a221 ص ؛ _c24 سم |
||
| 650 | 0 | 4 | _aمصر - الاحوال السياسية |
| 650 | 0 | 4 | _aمصر - تاريخ - العصر الحديث (1805 - 1956 ) |
| 650 | 0 | 4 | _aمصر - الاحوال الاجتماعية |
| 942 |
_2ddc _cBK |
||
| 999 |
_c8989 _d8989 |
||